ਖਾਮੋਸ਼ ਰਾਹਾਂ ਦੇ ਭੇਦ (Record no. 1464690)

MARC details
000 -LEADER
fixed length control field 00994 a2200241 4500
005 - DATE AND TIME OF LATEST TRANSACTION
control field 20251208161512.0
008 - FIXED-LENGTH DATA ELEMENTS--GENERAL INFORMATION
fixed length control field 251208b |||||||| |||| 00| 0 eng d
020 ## - INTERNATIONAL STANDARD BOOK NUMBER
International Standard Book Number 978-9349752092 (pbk)
037 ## - SOURCE OF ACQUISITION
Terms of availability TB
040 ## - CATALOGING SOURCE
Original cataloging agency CRL
Transcribing agency CRL
041 ## - LANGUAGE CODE
Source of code pun
Language code of text/sound track or separate title pun
084 ## - COLON CLASSIFICATION NUMBER
Classification number O153,6NSHx R5
Assigning agency CRL
100 ## - MAIN ENTRY--PERSONAL NAME
Personal name ਸ਼ੋਂਕੀ, ਪਰਮਿੰਦਰ ਸਿੰਘ / Shonkey, Parminder Singh
9 (RLIN) 848115
245 ## - TITLE STATEMENT
Title ਖਾਮੋਸ਼ ਰਾਹਾਂ ਦੇ ਭੇਦ
246 ## - VARYING FORM OF TITLE
Title proper/short title Khamosh rahaan de bhed / Shonkey, Parminder Singh
260 ## - PUBLICATION, DISTRIBUTION, ETC.
Place of publication, distribution, etc. Sangrur, India:
Name of publisher, distributor, etc. ਰਿਥਿੰਕ ਬੂਕਸ / Rethink Books,
Date of publication, distribution, etc. 2025.
300 ## - PHYSICAL DESCRIPTION
Extent 251p.
365 ## - TRADE PRICE
Price amount 375.00
Currency code INR
650 ## - SUBJECT ADDED ENTRY--TOPICAL TERM
Topical term or geographic name entry element ਪੰਜਾਬੀ ਸਾਹਿਤ
9 (RLIN) 855312
650 ## - SUBJECT ADDED ENTRY--TOPICAL TERM
Topical term or geographic name entry element ਪੰਜਾਬੀ ਨਿਬੰਧ
9 (RLIN) 855313
942 ## - ADDED ENTRY ELEMENTS (KOHA)
Koha item type Textbook
Source of classification or shelving scheme Colon Classification (CC)
Suppress in OPAC No
Classification part O153,6NSHx R5
Holdings
Withdrawn status Lost status Source of classification or shelving scheme Damaged status Not for loan Home library Current library Date acquired Source of acquisition Cost, normal purchase price Inventory number Total Checkouts Full call number Barcode Date last seen Cost, replacement price Price effective from Koha item type
    Colon Classification (CC)     Central Library Central Library 2025-12-08 H.K. Prakashan 300.00 1864/24/10/2025   O153,6NSHx R5 CL1924383 2025-10-30 375.00 2025-10-30 Textbook
Copyright @ Delhi University Library System